00501naa a2200145 a 450000100080000000500110000800800410001910000210006024501200008126000090020165300210021065300210023170000210025277300820027310522512007-04-03 2006 bl uuuu u00u1 u #d1 aSILVA, M. S. da. aO comercio popular da espinheira-santa (Maytenus ilicifolia Mart. ex Reiss) no Distrito Fedederalbum breve relato. c2006 aEspinheira-santa aPlanta medicinal1 aNETTO Jr., N. L. tRevista de Ciencias Agroveterinarias, Lagesgv. 5, n. esp. 1, p. 63-66, 2006.